00226nam a2200097 a 4500008004100000050001500041100001900056245003500075260000900110350000900119120416s1971 xx |||||||||||||| || u aTS 227 Woo aWoods, Peter F10aFundamentals of welding skills c1971 a0.00